mysqli: Table './ulib62015/stat_globaluid' is marked as crashed and should be repaired
select id from stat_globaluid where statuid='20260517142731_4768'
mysqli: Table './ulib62015/stat_globaluid' is marked as crashed and should be repaired
DELETE FROM stat_globaluid
WHERE id NOT IN (
SELECT id
FROM (
SELECT id
FROM stat_globaluid
ORDER BY id DESC
LIMIT 100
) foo
);
mysqli: Table './ulib62015/stat_globaluid' is marked as crashed and should be repaired
insert into stat_globaluid set
statuid='20260517142731_4768',
dt='1779002851',
phpself='/ULIB62015/dublinfull.php',
agent='Mozilla/5.0 AppleWebKit/537.36 (KHTML, like Gecko; compatible; ClaudeBot/1.0; +claudebot@anthropic.com)',
yea='2026',
mon='5',
dat='17',
ip='216.73.216.45'
mysqli: Table './ulib62015/stathist_viewbib_bib_type' is marked as crashed and should be repaired
insert into stathist_viewbib_bib_type set
dat='17' ,
mon='05' ,
yea='2026' ,
statuid='20260517142731_4768' ,
head='13399121407' ,
foot='marc' ,
dt='1779002851'
| LEADER : 00000nam 2200000uu 4500 |
| 001 13399121407 |
| 003 ULIB |
| 008 160302s||||||||th 000 0 tha d |
| 020 ^a9781428317871
|
| 060 0 ^aW15^bM712p 2010
|
| 100 1 ^aMoini, Jahangir,^d1942-
|
| 245 12 ^aPharmacy terminology /^cJahangir Moini.
|
| 260 ^aClifton Park, NY :^bDelmar Cengage Learning,^cc2010.
|
| 300 ^axxxii, 607 p. :^bcol. ill. ;^c24 cm.
|
| 500 ^aIncludes index.
|
| 650 2 ^aPharmacy^vTerminology.
|
| 945 ^p2000^l0^i022941 |
| 999 ^a57066
|
| คุณยังไม่ได้ล็อกอิน คุณสามารถมีกิจกรรมร่วมกับเว็บไซต์ได้ แต่ต้องล็อกอินก่อน :: |
|
|
|
| ลำดับที่ |
ประเภท |
เลขเรียก/บาร์โค้ด |
สถานที่ |
สถานะ |
| 1. |
 หนังสือ | W15 M712p 2010 Barcode: 022941 | หนังสือทั่วไป | บนชั้น ขอยืม |
|
ยังไม่เคยถูกคอมเมนท์
|
| คอมเมนท์ทรัพยากรรายการนี้ |
|